| 000 -LEADER |
| fixed length control field |
00423nam a2200181Ia 4500 |
| 001 - CONTROL NUMBER |
| control field |
13391 |
| 003 - CONTROL NUMBER IDENTIFIER |
| control field |
GE_BSU |
| 008 - FIXED-LENGTH DATA ELEMENTS--GENERAL INFORMATION |
| fixed length control field |
181216s||||||||xx |||||||||||||| ||und|| |
| 020 ## - INTERNATIONAL STANDARD BOOK NUMBER |
| International Standard Book Number |
9781858059099 |
| 040 ## - CATALOGING SOURCE |
| Transcribing agency |
GE_BSU |
| 080 ## - UNIVERSAL DECIMAL CLASSIFICATION NUMBER |
| Universal Decimal Classification number |
616(075.8) |
| 100 ## - MAIN ENTRY--PERSONAL NAME |
| Personal name |
Flang,Cara |
| 245 ## - TITLE STATEMENT |
| Title |
Revise A2 Psychology |
| 300 ## - PHYSICAL DESCRIPTION |
| Extent |
176p.ill.34cm. |
| 653 ## - INDEX TERM--UNCONTROLLED |
| Uncontrolled term |
Revise A2 Psychology |
| 653 ## - INDEX TERM--UNCONTROLLED |
| Uncontrolled term |
ფსიქოლოგია |
| 942 ## - ADDED ENTRY ELEMENTS (KOHA) |
| Koha item type |
წიგნი |